书目信息 |
| 题名: |
供给侧的觉醒
|
|
| 作者: | 滕泰 著 | |
| 分册: | ||
| 出版信息: | 北京 化学工业出版社 2016 |
|
| 页数: | 20,268页 | |
| 开本: | 23cm | |
| 丛书名: | ||
| 单 册: | ||
| 中图分类: | F091.352.4 | |
| 科图分类: | ||
| 主题词: | 供应学派--gong ying xue pai | |
| 电子资源: | ||
| ISBN: | 978-7-122-26445-9 | |
| 000 | 01063nam0 22002411 450 | |
| 001 | 0127144132 | |
| 005 | 20170427144132.0 | |
| 010 | @a978-7-122-26445-9@dCNY49.00 | |
| 100 | @a20160509d2016 em y0chiy50 ea | |
| 101 | 0 | @achi |
| 102 | @aCN@b110000 | |
| 105 | @ay z 000yy | |
| 106 | @ar | |
| 200 | 1 | @a供给侧的觉醒@Agong gei ce de jue xing@e从财富原点再出发@f滕泰著 |
| 210 | @a北京@c化学工业出版社@d2016 | |
| 215 | @a20,268页@d23cm | |
| 330 | @a本书从财富原点出发,围绕着五大财富源泉进行相关研究探索。从经济周期的运行规律入手,结合新供给经济周期理论,透析了中国经济下行的主要矛盾,从人口、制度、技术创新等生产要素出发,探索了财富源泉对于一个国家经济增长的重要意义和决定性影响。通过对比生态财富、硬财富和软财富时代财富分配的规律,针对正在到来的软财富时代,滕泰先生提出了国家、企业和家庭的供给侧战略。 | |
| 517 | 1 | @a从财富原点再出发@Acong cai fu yuan dian zai chu fa |
| 606 | 0 | @a供应学派@Agong ying xue pai |
| 690 | @aF091.352.4@v5 | |
| 701 | 0 | @a滕泰@Ateng tai@f(1974~)@4著 |
| 801 | 0 | @aCN@bTANGWEI@c20170308 |
| 905 | @b0967041-4@dF091.352.4@e81@f4 | |
| 供给侧的觉醒:从财富原点再出发/滕泰著.-北京:化学工业出版社,2016 |
| 20,268页;23cm |
| ISBN 978-7-122-26445-9:CNY49.00 |
| 本书从财富原点出发,围绕着五大财富源泉进行相关研究探索。从经济周期的运行规律入手,结合新供给经济周期理论,透析了中国经济下行的主要矛盾,从人口、制度、技术创新等生产要素出发,探索了财富源泉对于一个国家经济增长的重要意义和决定性影响。通过对比生态财富、硬财富和软财富时代财富分配的规律,针对正在到来的软财富时代,滕泰先生提出了国家、企业和家庭的供给侧战略。 |
| ● |
| 相关链接 |
|
|
|
|
正题名:供给侧的觉醒
索取号:F091.352.4/81
 
预约/预借
| 序号 | 登录号 | 条形码 | 馆藏地/架位号 | 状态 | 备注 |
| 1 | 0967041 | 209670417 | 第一样本阅览室/ [索取号:F091.352.4/81] | 在馆 | |
| 2 | 0967042 | 209670426 | 第一借阅区/ [索取号:F091.352.4/81] | 在馆 | |
| 3 | 0967043 | 209670435 | 第一借阅区/ [索取号:F091.352.4/81] | 在馆 | |
| 4 | 0967044 | 209670444 | 第一借阅区/ [索取号:F091.352.4/81] | 在馆 |